00659nam a2200193Ia 450000500170000000800410001704000190005804100120007708200150008910000150010424501220011926000530024130000170029450400500031165000470036165100250040870000220043385000100045520211201153114.0131103s9999 xx 000 0 und d aLoreto College aEnglish a320.5bMAR aMarx, Karl 4aThe Communist manifesto of Karl Marx and Friedrich Engelscwith an introduction and explanatory notes by D. Ryazanoff aCalcuttabRadical Book Clubc1944(1975 printing) aviii,360 p.  aIncludes bibliographical references and index aPolitics - Political Ideology - Marxism -  aPolitical Science -  aEngels, Friedrich aLCLIB